| 000 | 00685nam a2200193 4500 | ||
|---|---|---|---|
| 001 | 120543 | ||
| 003 | ES-MaACL | ||
| 005 | 20230906191556.0 | ||
| 007 | t| | ||
| 008 | 070214s1983 sp r ||||1| spa d | ||
| 100 | 1 |
_aPitxot, Antoni. _992432 |
|
| 245 | 1 | 0 |
_aPitxot _b: 1966 - 1983 : obra pictórica : salas Pablo Ruiz Picasso, Madrid, septiembre - octubre 1983. |
| 260 |
_aMadrid : _bDirección General de Bellas Artes y Archivos, _c1983. |
||
| 300 |
_a149 p., 89 lám. : _bil. ; _c30 cm. |
||
| 710 | 1 |
_aEspaña. _bDirección General de Bellas Artes y Archivos. _93708 |
|
| 852 |
_aES-MaACL _jL-5319 _bR.105769 |
||
| 852 |
_aES-MaACL _jL-19674 _bR.123367 |
||
| 999 |
_c120543 _d120543 |
||